Loga partii politycznych - quiz - Statystyki

Ogólne statystyki
  • Ten quiz został rozwiązany 34 razy
    32 od ostatniego zresetowania
  • Średni wynik to 10 z 20
Statystyki odpowiedzi
Obrazkowy Odpowiedź % Poprawnych
Polskie Stronnictwo Ludowe
85%
Konfederacja
81%
Platforma Obywatelska
81%
razem
78%
Samoobrona RP
74%
Polska 2050
70%
Nowoczesna
67%
Sojusz Lewicy Demokratycznej
67%
Konfederacja Korony Polskiej
63%
Polska Partia Przyjaciół Piwa
56%
Nowa Lewica
52%
Polska Partia Socjalistyczna
48%
Akcja Wyborcza Solidarność
41%
Unia Pracy
41%
Suwerenna Polska
33%
Ruch Palikota
30%
Lewica i Demokraci
19%
Nowa Fala
11%
Ruch Odbudowy Polski
11%
Wolni Republikanie
11%
Nie znaleziono quizów pasujących do podanych kryteriów
Rozkład punktacji
Procent ludzi z każdym wynikiem
Percentyl według liczby udzielonych odpowiedzi
Twoja historia wyników
Nie rozwiązałeś tego quizu od ostatniego zresetowania